000 00348 a2200157 4500
001 191635
020 _a978-85-7208-474-1
040 _cMagnum
100 _aCanini
240 1 0 _aUm redondo pode ser quadrado?
_lpor
245 1 0 _aUm redondo pode ser quadrado?
300 _a23
362 0 _a2010
697 _aLITERATURA INFANTIL
942 _cBK
999 _c191635
_d191635